Statistics for Countries by Letter Sequence

Click here to take the quiz!

General Stats

  • This quiz has been taken 36 times
    (7 since last reset)
  • The average score is 18 of 31

Answer Stats

SequenceCountry% Correct
GHGhana
100%
RUSRussia
100%
SWSweden
100%
SWSwitzerland
100%
UGAUganda
100%
GHAfghanistan
80%
BANBangladesh
80%
RUSBelarus
80%
CROCroatia
80%
SWEswatini
80%
ALIMali
80%
NAMNamibia
80%
ALIAustralia
60%
SWBotswana
60%
ALAMalawi
60%
OVAMoldova
60%
ALISomalia
60%
NAMVietnam
60%
BANAlbania
40%
ALACentral African Republic
40%
CROF.S. Micronesia
40%
ALAGuatemala
40%
ALANew Zealand
40%
ALAPalau
40%
OVASlovakia
40%
RUSCyprus
20%
BANLebanon
20%
ALAMalaysia
20%
NAMPanama
20%
UGAPortugal
20%
NAMSuriname
20%

Score Distribution

Percentile by Number Answered

Percent of People with Each Score

Your Score History

You have not taken this quiz since the last reset